| 000 | 00500nam a22001697a 4500 | ||
|---|---|---|---|
| 003 | NUST | ||
| 005 | 20260512162018.0 | ||
| 008 | 260512b ||||| |||| 00| 0 eng d | ||
| 020 | _a978-969-9532-02-3 | ||
| 082 |
_a294.5 _b2013. |
||
| 100 |
_a Safdar Ali Shah, Syed Javaid A. Kazi. _9134426 |
||
| 245 |
_aThe Hindu Heritage of Pakistan / _c Safdar Ali Shah, Syed Javaid A. Kazi. |
||
| 260 |
_aPakistan: _bNUST Press, _c2013. |
||
| 300 |
_a121 p ; _c40.5 cm |
||
| 563 | _aHardcover | ||
| 942 |
_2ddc _cBK |
||
| 999 |
_c617423 _d617423 |
||